| 000 | 00535nam a22001817a 4500 | ||
|---|---|---|---|
| 999 |
_c172662 _d172662 |
||
| 005 | 20200210150532.0 | ||
| 010 | _aA-842204 | ||
| 020 | _c35.00 | ||
| 035 | _aA-842204 | ||
| 037 | _bBPPD/Pub. | ||
| 082 | _a954.16 | ||
| 100 | _aمہیشور دیال | ||
| 245 |
_aعالم میں انتخاب- دہلی / _cمہیشور دیال |
||
| 246 |
_aAlam Mein Intekhab-Delhi (Urdu) / _bby Maheshwar Dayal |
||
| 260 |
_aDelhi _bUrdu Academy _c1987 ء |
||
| 300 |
_a516p. _c22cm(Hb) |
||
| 942 |
_2ddc _cUR _h954.16 _mم ہ ے |
||